| 000 | 03979cam a22006014i 4500 | ||
|---|---|---|---|
| 003 | PE-LiUPU | ||
| 005 | 20250731173449.0 | ||
| 008 | 150710s1984 sp r 000 0 spa d | ||
| 020 | _a847057194X | ||
| 035 | _a(Sirsi) i9788470571947 | ||
| 040 |
_aPE-LiUPU _bspa _cPE-LiUPU _erda |
||
| 049 | _aPRUA | ||
| 082 | 0 | 4 |
_a230.2 _bB17 _221 |
| 100 | 1 |
_aBetz, Johannes, _eautor. |
|
| 245 | 1 | 3 | _aManual de teología como historia de la salvación. |
| 246 | 3 | _aLa historia de la salvación antes de Cristo | |
| 246 | 3 | _aMysteriun Salutis | |
| 264 | 1 |
_aMadrid : _bEdiciones Cristiandad, _c1984. |
|
| 300 |
_a985 páginas ; _c24 centímetros. |
||
| 336 |
_atext _2rdacontent |
||
| 337 |
_aunmediated _2rdamedia |
||
| 338 |
_avolume _2rdacarrier |
||
| 490 | 0 |
_aMysterium Salutis. Manual de Teología como historia de la salvación ; _v4:2 |
|
| 505 | 0 | _aAspectos de la iglesia como institución -- La eucarristía, misterio central -- Formas de existencia y ministerios en la iglesia -- La acción de Dios por la gracia -- La gracia como elección y justificación del hombre -- El ser nuevo del hombre en Cristo.-Gracia. | |
| 526 | _aSEG42 | ||
| 526 | _aSEG41 | ||
| 526 | _aSEG40 | ||
| 526 | _aSEG39 | ||
| 526 | _aP94 | ||
| 526 | _aP87 | ||
| 526 | _aP86 | ||
| 526 | _aP85 | ||
| 526 | _aP77 | ||
| 526 | _aP76 | ||
| 526 | _aP35 | ||
| 650 | 0 | 4 | _aCULTO Y ADORACION. |
| 942 |
_2ddc _cBOOK |
||
| 949 |
_a230.2 B17 _wDEWEY _c1 _i39730 _d2016-4-11 _e2016-4-11 _lCCODEBUL1 _mBUL _n1 _r0 _sY _tBOOK _u2015-7-10 _xTEOLOGIA _PP35 _0COMPRA _o.CIRCNOTE. No olvidar cambiar la fecha de devolución!!!!!!! _o.STAFF. Colección Teología |
||
| 949 |
_a230.2 B17 _wDEWEY _c2 _i39735 _lCCODEBUL1 _mBUL _p25.00 _r0 _sY _tBOOK _u2016-8-22 _xTEOLOGIA _PP35 _0COMPRA _o.STAFF. Colección Teología |
||
| 949 |
_aRC 234.3 F34 1:4 _wDEWEY _c1 _i23069 _lCCODEBUL1 _mBUL _r0 _sY _tBOOK _u2015-6-24 _xTEOLOGIA _PP35 _0COMPRA _o.CIRCNOTE. No olvidar cambiar la fecha de devolución!!!!!!! _o.STAFF. Colección Teología |
||
| 949 |
_aRC 234.3 F34 2 _wDEWEY _c1 _i23067 _lCCODEBUL1 _mBUL _r0 _sY _tBOOK _u2015-6-24 _xTEOLOGIA _PP35 _0COMPRA _o.CIRCNOTE. No olvidar cambiar la fecha de devolución!!!!!!! _o.STAFF. Colección Teología |
||
| 949 |
_aRC 234.3 F34 2:4 _wDEWEY _c1 _i23070 _lCCODEBUL1 _mBUL _r0 _sY _tBOOK _u2015-6-24 _xTEOLOGIA _zUNKNOWN _0COMPRA _o.CIRCNOTE. No olvidar cambiar la fecha de devolución!!!!!!! _o.STAFF. Colección Teología |
||
| 949 |
_aRC 234.3 F34 2:4 _wDEWEY _c2 _i14953 _lCCODEBUL1 _mBUL _r0 _sY _tBOOK _u2015-6-24 _xTEOLOGIA _PP35 _0COMPRA _o.CIRCNOTE. No olvidar cambiar la fecha de devolución!!!!!!! _o.STAFF. Colección Teología |
||
| 994 |
_aC0 _bPEPRU |
||
| 596 | _a1 | ||
| 999 |
_a230.2 B17 _wDEWEY _c57380 _i39730 _d57380 _e2016-4-11 _f2021-11-9 _g5 _lCCODEBUL1 _mBUL _n1 _p20.00 _q2 _r0 _sY _tBOOK _u2015-7-10 _xTEOLOGIA _PP35 _0COMPRA _o.CIRCNOTE. No olvidar cambiar la fecha de devolución!!!!!!! _o.STAFF. Colección Teología |
||
| 999 |
_a230.2 B17 _wDEWEY _c2 _i39735 _d2018-5-30 _f2021-11-9 _g5 _lCCODEBUL1 _mBUL _p25.00 _q3 _r0 _sY _tBOOK _u2016-8-22 _xTEOLOGIA _PP35 _0COMPRA _o.STAFF. Colección General |
||
| 999 |
_aRC 234.3 F34 2 _wDEWEY _c1 _i23067 _f2021-11-8 _g6 _lCCODEBUL1 _mBUL _r1 _sY _tBOOK _u2015-6-24 _xTEOLOGIA _PP35 _0COMPRA _o.CIRCNOTE. No olvidar cambiar la fecha de devolución!!!!!!! _o.STAFF. Colección General |
||
| 999 |
_aRC 234.3 F34 2:4 _wDEWEY _c1 _i23070 _f2021-11-8 _g6 _lCCODEBUL1 _mBUL _r1 _sY _tBOOK _u2015-6-24 _xTEOLOGIA _zUNKNOWN _0COMPRA _o.CIRCNOTE. No olvidar cambiar la fecha de devolución!!!!!!! _o.STAFF. Colección General |
||
| 999 |
_aRC 234.3 F34 2:4 _wDEWEY _c2 _i14953 _f2021-11-8 _g6 _lCCODEBUL1 _mBUL _r1 _sY _tBOOK _u2015-6-24 _xTEOLOGIA _PP35 _0COMPRA _o.CIRCNOTE. No olvidar cambiar la fecha de devolución!!!!!!! _o.STAFF. Colección General |
||
| 999 |
_aRC 234.3 F34 1:4 _wDEWEY _c1 _i23069 _f2021-11-8 _g6 _lCCODEBUL1 _mBUL _r1 _sY _tBOOK _u2015-6-24 _xTEOLOGIA _PP35 _0COMPRA _o.CIRCNOTE. No olvidar cambiar la fecha de devolución!!!!!!! _o.STAFF. Colección General |
||
| 980 |
_81 _gALBERTO SANCHEZ Responsable de Automatización |
||